Personal work. (Record no. 10558)

000 -LEADER
fixed length control field 00553nam a2200181 a 4500
001 - CONTROL NUMBER
control field :::00008347$&:&@@
003 - CONTROL NUMBER IDENTIFIER
control field OkBaRHE
005 - DATE AND TIME OF LATEST TRANSACTION
control field 20000607103343.0
008 - FIXED-LENGTH DATA ELEMENTS--GENERAL INFORMATION
fixed length control field s1912 j 000 0 eng u
040 ## - CATALOGING SOURCE
Transcribing agency
100 1# - MAIN ENTRY--PERSONAL NAME
Personal name Broadhurst, C. N.
245 10 - TITLE STATEMENT
Title Personal work.
Statement of responsibility, etc Bringing men to Christ.
260 ## - PUBLICATION, DISTRIBUTION, ETC. (IMPRINT)
Place of publication, distribution, etc Cincinnati, OH., :
Name of publisher, distributor, etc Jennings and Graham
Date of publication, distribution, etc c1912
300 ## - PHYSICAL DESCRIPTION
Extent 157 p. ;
Dimensions 20 cm.
650 ## - SUBJECT ADDED ENTRY--TOPICAL TERM
Topical term or geographic name as entry element Evangelistic Work
942 ## - ADDED ENTRY ELEMENTS (KOHA)
Source of classification or shelving scheme
Koha item type Books
Copies
Date acquired Withdrawn status Not for loan Full call number Copy number Koha item type Date last seen Shelving location Damaged status Price effective from Lost status Source of classification or shelving scheme Barcode Permanent Location
2010-04-14  BV 3790 .B771Books2010-04-14General Stacks 2010-04-14  8347RHEMA Bible Training College